| 000 | 00580nam a2200241 a 4500 | ||
|---|---|---|---|
| 001 | nice12345678 | ||
| 003 | IN_TiNIC | ||
| 005 | 20260116011554.0 | ||
| 008 | 050524s1959 lona grp 000 0 eng | ||
| 020 |
_a _c22.2 |
||
| 082 | 0 | 0 |
_a181.07 _bVAH |
| 100 | _aVahid, Syed Abdul | ||
| 245 | _aIqbal, His Art and Thought | ||
| 260 |
_aLondon _bJohn Murray _c1959 |
||
| 300 | _a254p | ||
| 500 | _aincludes index and biblioraphy | ||
| 505 | 2 | _aIndex | |
| 650 | _aPhilosophy-Islamic-Iqbal | ||
| 700 | 1 | _aVahid, Syed Abdul | |
| 902 | _bSRS | ||
| 942 | _cBK | ||
| 999 |
_c2682 _d2682 |
||